[Event "FRA-ch"]
[Site "Val Thorens"]
[Date "1988.??.??"]
[Round "11"]
[White "Bernard, Christophe"]
[Black "Alet, Jean Perre"]
[Result "1-0"]
[WhiteElo "2320"]
[BlackElo "2160"]

1.Nf3 d5 2.g3 g6 3.Bg2 Bg7 4.O-O c6 5.d3 Nf6 6.Nbd2 O-O 7.c3 Nbd7 8.Qc2 Qc7
9.c4 Nb6 10.cxd5 Nfxd5 11.a3 Bg4 12.e4 Nf6 13.d4 Nfd7 14.a4 a5 15.h3 Be6
16.d5 Nxd5 17.exd5 Bxd5 18.Nc4 e5 19.Be3 b5 20.Ncd2 Rab8 21.Ne1 Qd6 22.Ne4 Qe6
23.axb5 Rxb5 24.Nd3 f5 25.Ndc5 Nxc5 26.Nxc5 Qd6 27.Rfd1 f4 28.Ne4 Qb8 29.gxf4 Rxb2
30.Qc3 Rb4 31.Ba7 Qxa7 32.Qxb4 axb4 33.Rxa7 exf4 34.Nc5 f3 35.Bf1 b3 36.Rb7 b2
37.Na4 Rf4 38.Nxb2 Bd4 39.Re1  1-0

[Event "Wellington"]
[Site "Wellington"]
[Date "1988.??.??"]
[Round "?"]
[White "Gufeld, Eduard"]
[Black "Sarfati, Jonathan D"]
[Result "1-0"]
[WhiteElo "2485"]
[BlackElo "2250"]

1.Nf3 d5 2.g3 Nf6 3.Bg2 Bf5 4.O-O Nbd7 5.c4 c6 6.cxd5 cxd5 7.Nc3 e6 8.d3 Be7
9.Nh4 Bg4 10.h3 Bh5 11.g4 Bg6 12.e4 Nxe4 13.dxe4 Bxh4 14.exd5 e5 15.f4 Qb6+
16.Kh1 f6 17.fxe5 fxe5 18.Qe2 O-O-O 19.Be3 Qa5 20.b4 Qxb4 21.Bxa7 Nc5 22.Rac1 Be7
23.Ne4 Bxe4 24.Qxe4  1-0

[Event "Wellington"]
[Site "Wellington"]
[Date "1988.??.??"]
[Round "?"]
[White "Gufeld, Eduard"]
[Black "Rogers, Ian"]
[Result "1/2-1/2"]
[WhiteElo "2485"]
[BlackElo "2575"]

1.Nf3 d5 2.g3 Nf6 3.Bg2 g6 4.O-O Bg7 5.c4 O-O 6.cxd5 Nxd5 7.d4 Nb6 8.Nc3 Nc6
9.e3 Re8 10.b3 e5 11.dxe5 Nxe5 12.Nxe5 Qxd1 13.Rxd1 Bxe5 14.Bb2 c6 15.Rd2 f5
16.Rad1 Be6 17.h3 Bg7 18.Ne2 a5 19.Nf4 Bxb2 20.Nxe6 Rxe6 21.Rxb2 Kf7 22.Rd4 Re7
23.Rbd2 Ke8 24.g4 Rd7 25.gxf5 gxf5 26.Rxd7 Nxd7 27.Rd4 Ke7 28.Kf1 Ke6 29.h4 h5
30.Bh3 Nf6 31.Rf4 Ng4 32.Ke2 b5 33.f3 Nh6 34.Rd4 c5 35.Rd2 Rg8 36.Kf2 c4
37.bxc4 bxc4 38.Bf1 Rc8 39.Rd4 c3 40.Rc4 Rxc4 41.Bxc4+ Ke5 42.f4+ Kd6 43.Ke2 Kc5
44.Be6 c2 45.Kd2 Ng4 46.Bxf5 Nxe3 47.Bg6 Ng2 48.Bxh5 Nxh4 49.Be8 Kd4 50.Kxc2 Ng2
51.Kb3 Nxf4 52.Ka4 Nd5 53.Kxa5 Nc3 54.a4 Nxa4 55.Bxa4  1/2-1/2

[Event "Wiesbaden op"]
[Site "Wiesbaden"]
[Date "1988.??.??"]
[Round "5"]
[White "Guenthner, Oliver"]
[Black "Kallai, Gabor"]
[Result "0-1"]
[WhiteElo "2325"]
[BlackElo "2450"]

1.Nf3 d5 2.g3 Nf6 3.Bg2 c6 4.O-O Bf5 5.d3 h6 6.Nbd2 e6 7.c4 Be7 8.b3 O-O
9.Bb2 a5 10.a3 Nbd7 11.Rc1 Bh7 12.Rc2 Bd6 13.Qa1 Qe7 14.Bh3 Ne8 15.cxd5 exd5
16.Nd4 f5 17.N2f3 Nc7 18.Nh4 g6 19.Qc1 c5 20.Qxh6 cxd4 21.Bxd4 Ne5 22.Bg2 Qf7
23.f4 Ng4 24.Nxf5 gxf5 25.Qxd6 Nb5 26.Qb6 Nxd4 27.Qxd4 Rad8 28.Rfc1 Rd7 29.Rc5 Rfd8
30.Rc8 Nf6 31.R1c7 Rxc8 32.Rxc8+ Kg7 33.h3 Qe7 34.Kf2 Qxa3 35.g4 fxg4 36.hxg4 Qb4
37.Qe5 Re7 38.Rc7 Rxc7 39.Qxc7+ Kf8 40.g5 Qd4+ 41.e3 Qb2+ 42.Kf3 Bxd3 43.Qd6+ Kf7
44.Kg3 Be4 45.Bf3 Bxf3 46.Kxf3 Qf2+ 47.Kxf2 Ne4+ 48.Ke2 Nxd6 49.Kd3 b5 50.Kd4 a4
51.bxa4 bxa4 52.Kc3 Nc4 53.Kb4 a3 54.Kb3 Kg6 55.Ka2 Kf5 56.Kb3 Nxe3 57.Kxa3 Ng2  0-1

[Event "Wiesbaden op"]
[Site "Wiesbaden"]
[Date "1988.??.??"]
[Round "9"]
[White "Gutman, Lev"]
[Black "Hoffmann, Hans"]
[Result "1-0"]
[WhiteElo "2465"]
[BlackElo "2300"]

1.Nf3 d5 2.g3 Nf6 3.Bg2 c6 4.O-O Bg4 5.d3 Nbd7 6.Qe1 e5 7.e4 dxe4 8.dxe4 Qc7
9.Nbd2 Be7 10.h3 Bxf3 11.Bxf3 O-O 12.Nc4 Ne8 13.Be3 b5 14.Na5 Nd6 15.a4 a6
16.Bg2 c5 17.Nb3 Nc4 18.Bc1 Ndb6 19.a5 Nd7 20.Qc3 Rad8 21.Re1 Rc8 22.Bf1 Nd6
23.Nd2 c4 24.Bg2 Nb7 25.Nf1 b4 26.Qf3 Nxa5 27.Ne3 Nc6 28.c3 Nb6 29.Rxa6 Ra8
30.Nd5 Nxd5 31.Rxa8 Nb6 32.Rxf8+ Kxf8 33.Be3 Na4 34.Qe2 Na5 35.Ra1 Qc6 36.cxb4 Nb3
37.Rd1 Bxb4 38.Rd8+ Ke7 39.Rd5 Bd6  1-0

[Event "BRA-ch playoff"]
[Site "Sao Paulo"]
[Date "1989.09.??"]
[Round "2"]
[White "Dumont, Sadi Glasser"]
[Black "Van Riemsdijk, Herman C"]
[Result "0-1"]
[WhiteElo "2250"]
[BlackElo "2350"]

1.Nf3 d5 2.g3 Bg4 3.Bg2 Nd7 4.d3 Ngf6 5.O-O e6 6.Nbd2 c6 7.h3 Bxf3 8.Bxf3 Bc5
9.e4 Qc7 10.Kg2 h5 11.Nb3 dxe4 12.dxe4 Be7 13.Qe2 h4 14.g4 Bd6 15.Be3 Ne5
16.Rfd1 Ng6 17.Kh1 O-O 18.Rd2 Nf4 19.Qf1 Be5 20.c3 Nh7 21.Rad1 Rfd8 22.Bg2 Nf8
23.Nc5 b6 24.Na6 Qe7 25.Nb4 Rxd2 26.Rxd2 c5 27.Nc6 Qc7 28.Nxe5 Qxe5 29.f3 Qc7
30.Qf2 N8g6 31.Bf1 Rd8 32.a4 c4 33.Rxd8+ Qxd8 34.Qd2 Qc7 35.Qd4 Nd3 36.Bxd3 cxd3
37.Qxd3 Qg3 38.Qf1 Ne5 39.Qg2 Qe1+ 40.Bg1 Qd1 41.Qf2 Nxf3 42.a5 bxa5 43.Kg2 Nxg1
44.Qxg1 Qe2+ 45.Qf2 Qxe4+ 46.Kg1 a4 47.Qd2 f6 48.Kf2 Kf7 49.Qd7+ Kg6 50.Qb5 e5
51.c4 Qd3 52.Qc6 Kg5 53.Qe6 Kf4 54.Qd5 Qc2+ 55.Kf1 Qc1+ 56.Ke2 Qxb2+ 57.Kd3 Qb3+
58.Kd2 a3 59.Qe6  0-1

[Event "Nordic-tt"]
[Site "Aabybro"]
[Date "1989.??.??"]
[Round "?"]
[White "Ost Hansen, Jacob"]
[Black "Matlak, Marek"]
[Result "1/2-1/2"]
[WhiteElo "2430"]
[BlackElo "2410"]

1.g3 d5 2.Nf3 Nf6 3.Bg2 Bf5 4.O-O e6 5.c4 c6 6.b3 h6 7.Bb2 Be7 8.d3 O-O 9.Nbd2 Nbd7
10.a3 a5 11.Rc1 Qb6 12.Qc2 Bh7 13.Bh3 Rfd8 14.Qc3 Ne8 15.Rfe1 Bf6 16.Qc2 Bxb2
17.Qxb2 Nef6 18.Rc2 Bg6 19.Rcc1 Bh5 20.Ne5 Nxe5 21.Qxe5 Bg4 22.Bg2 Bf5 23.Qb2 Bg4
24.Ra1 Ra7 25.Qc3 Rda8 26.h3 Bf5 27.e4 Bg6 28.c5 Qc7 29.Rac1  1/2-1/2

[Event "Nordic-tt"]
[Site "Aabybro"]
[Date "1989.??.??"]
[Round "?"]
[White "Borisova, Borislava"]
[Black "Dahl, Ingrid"]
[Result "1-0"]
[WhiteElo "2180"]
[BlackElo "2085"]

1.Nf3 d5 2.g3 Nf6 3.Bg2 e6 4.O-O Be7 5.c4 O-O 6.b3 c5 7.e3 Nc6 8.Bb2 b6 9.d3 Bb7
10.Qe2 Qc7 11.Nc3 Rad8 12.Rfd1 a6 13.cxd5 Nxd5 14.Nxd5 Rxd5 15.d4 cxd4 16.Nxd4 Nxd4
17.Bxd4 Rd7 18.Rac1 Qb8 19.Qg4 g6 20.Bc6 Rd6 21.Bxb7 Qxb7 22.Be5 Rxd1+ 23.Rxd1 Rc8
24.Qd4 f6 25.Qd7 Qxd7 26.Rxd7 Kf8 27.Bd6 Re8 28.Bxe7+ Rxe7 29.Rd6 Rb7 30.Rxe6 Kf7
31.Rc6 a5 32.Kg2 h5 33.Kf3 Ke7 34.h4 Kf7 35.Kf4 a4 36.bxa4 Ra7 37.Rc4 Ra5
38.e4 b5 39.axb5 Rxb5 40.Rc7+ Kf8 41.Ra7 Rb2 42.f3 Rg2 43.a4 Rf2 44.g4 hxg4
45.Kxg4 Rf1 46.a5 Rg1+ 47.Kf4 Rh1 48.Kg3 g5 49.hxg5 Rg1+ 50.Kf4 Rxg5 51.Ke3 Rg1
52.f4 Re1+ 53.Kf3 Rf1+ 54.Kg4 Rg1+ 55.Kf5 Rf1 56.Ra6 Kg7 57.Rxf6  1-0

[Event "Nordic-tt"]
[Site "Aabybro"]
[Date "1989.??.??"]
[Round "?"]
[White "Ost Hansen, Jacob"]
[Black "Engqvist, Thomas"]
[Result "1/2-1/2"]
[WhiteElo "2430"]
[BlackElo "2305"]

1.g3 d5 2.Nf3 Bg4 3.Bg2 Nf6 4.O-O c6 5.b3 e6 6.Bb2 Nbd7 7.d3 Be7 8.Nbd2 O-O
9.h3 Bh5 10.c4 a5 11.a3 Nc5 12.Rc1 Qb6 13.Qc2 Nfd7 14.d4 Na6 15.e4 Bg6 16.Rfe1 c5
17.Qc3 cxd4 18.Qxd4 Qxd4 19.Nxd4  1/2-1/2

[Event "Aosta op"]
[Site "Aosta"]
[Date "1989.??.??"]
[Round "?"]
[White "Pigusov, Evgeny"]
[Black "Cvetkovic, Srdjan"]
[Result "1/2-1/2"]
[WhiteElo "2525"]
[BlackElo "2460"]

1.Nf3 d5 2.g3 Nf6 3.Bg2 e6 4.O-O Be7 5.c4 O-O 6.b3 b6 7.Bb2 Bb7 8.d3 c5 9.e3 dxc4
10.bxc4 Nc6 11.Qe2 Qc7 12.Nc3 a6 13.Rab1 Rab8 14.Rfd1 Na5 15.Ba1 Nd7 16.h3 Bc6
17.Nh2 Bxg2 18.Kxg2 Rfd8 19.a4 Nc6 20.f4 Nf6 21.g4 Nb4 22.g5 Ne8 23.Ng4 Nd6
24.h4 Nf5 25.Kh3 Kf8 26.Ne4 Qc6 27.Ne5 Qe8 28.Ng3 Nxg3 29.Kxg3 f6 30.Ng4 Qg6
31.h5 Qxh5 32.Rh1 Qg6 33.gxf6 Bxf6 34.Bxf6 gxf6 35.Rh6 Qg7 36.Rxf6+ Ke7 37.Rh6 Rxd3
38.Rxb4 Rg8 39.Rxb6 Rxe3+ 40.Qxe3 Qxg4+ 41.Kf2 Qg1+ 42.Ke2 Rg2+ 43.Kd3 Qf1+
44.Kc3 Qa1+ 45.Kd3 Qf1+  1/2-1/2

[Event "Aosta op"]
[Site "Aosta"]
[Date "1989.??.??"]
[Round "?"]
[White "Pigusov, Evgeny"]
[Black "Flear, Glenn C"]
[Result "0-1"]
[WhiteElo "2525"]
[BlackElo "2500"]

1.Nf3 d5 2.g3 Nf6 3.Bg2 Bg4 4.c4 e6 5.Ne5 c6 6.cxd5 exd5 7.Nxg4 Nxg4 8.e4 Nf6
9.e5 Nfd7 10.d4 Na6 11.Nc3 Be7 12.O-O h5 13.h4 Qb6 14.a3 Nc7 15.Na4 Qa6 16.Re1 Ne6
17.Bf1 b5 18.Nc3 Qb6 19.Bh3 O-O-O 20.Ne2 Kb8 21.Bxe6 fxe6 22.Nf4 g5 23.hxg5 Bxg5
24.Nxe6 Bxc1 25.Rxc1 Rdg8 26.Rc3 Rh6 27.Nf4 h4 28.g4 Qd8 29.Nh3 Nf8 30.Kh2 Rhg6
31.Rg1 Qd7 32.f3 Ne6 33.f4 Nxd4 34.Qxd4 Rxg4 35.Rxg4 Qxg4 36.Qf2 d4 37.Rxc6 d3
38.Rd6 Qe2 39.Rd7 Rg3 40.e6 Rxh3+ 41.Kxh3 Qxf2 42.Kg4  0-1

[Event "EU-ch U20"]
[Site "Arnhem"]
[Date "1989.??.??"]
[Round "?"]
[White "Agnos, Demetrios"]
[Black "Stefansson, Hannes"]
[Result "1-0"]
[WhiteElo "2375"]
[BlackElo "2470"]

1.Nf3 d5 2.g3 Nf6 3.Bg2 c5 4.O-O Nc6 5.d4 Bg4 6.Ne5 cxd4 7.Nxg4 Nxg4 8.e3 Nf6
9.exd4 e6 10.c3 Bd6 11.Nd2 O-O 12.f4 b5 13.Nf3 Qb6 14.Kh1 Rac8 15.Ne5 b4
16.Qe2 bxc3 17.bxc3 Na5 18.Bd2 Nc4 19.Nxc4 Rxc4 20.f5 Re8 21.Qd3 Qc6 22.fxe6 Rxe6
23.Bh3 Re8 24.Rxf6 gxf6 25.Qf3 Ba3 26.Bf5 Kf8 27.Rb1 Bd6 28.Bd3 Rb8 29.Re1 Be7
30.Bxc4 Qxc4 31.Bh6+  1-0

[Event "Akropolis op"]
[Site "Athens"]
[Date "1989.??.??"]
[Round "?"]
[White "Bobak, Sandor"]
[Black "Psaras, Stilianos"]
[Result "1-0"]
[WhiteElo "2220"]
[BlackElo "2265"]

1.Nf3 d5 2.g3 c5 3.Bg2 Nc6 4.O-O e5 5.d3 Nf6 6.Nbd2 Be7 7.e4 dxe4 8.dxe4 h6
9.b3 Be6 10.Bb2 Qc7 11.Qe2 Nd4 12.Nxd4 cxd4 13.Rac1 Rd8 14.Qb5+ Bd7 15.Qd3 Bc6
16.c3 dxc3 17.Qxc3 O-O 18.Rfe1 Ng4 19.Rc2 a5 20.a3 Rfe8 21.h3 Nf6 22.Nc4 a4
23.Nxe5 axb3 24.Qxb3 Bf8 25.Nxc6 bxc6 26.e5 c5 27.Re3 Rd1+ 28.Kh2 Nh7 29.e6 fxe6
30.Rxe6 Qf7 31.Rb6 Qxb3 32.Rxb3 Ng5 33.a4 h5 34.a5 h4 35.a6 hxg3+ 36.fxg3 c4
37.Rb5 Ne6 38.a7 Nc7 39.Rb8 Rdd8 40.Be5 Rxe5 41.Rxd8  1-0

[Event "AUT-ch"]
[Site "?"]
[Date "1989.??.??"]
[Round "4"]
[White "Baumgartner, Heinz"]
[Black "Hoelzl, Franz"]
[Result "1/2-1/2"]
[WhiteElo "2365"]
[BlackElo "2350"]

1.Nf3 d5 2.g3 g6 3.Bg2 Bg7 4.d4 Nf6 5.O-O O-O 6.c4 dxc4 7.Na3 c3 8.bxc3 c5
9.Nc4 Nc6 10.Nfe5 Be6 11.Bb2 Nxe5 12.Nxe5 Qc7 13.Nd3 cxd4 14.cxd4 Bd5 15.Bxd5 Nxd5
16.Qb3 Rfd8 17.Rfc1 Qd7 18.e4 Nf6 19.Ne5 Qe8 20.f3 Rac8 21.a4 Bh6 22.Rxc8 Rxc8
23.a5 Nd7 24.Ng4 Bg7 25.Rd1 Qd8 26.Ra1 Rc7 27.d5 Qc8 28.Bxg7 Kxg7 29.Rd1 Rc3
30.Qb2 Qc5+ 31.Kh1 Nf6 32.d6 Rc2 33.Qa1 h5 34.dxe7 hxg4 35.e8=N+ Kf8 36.Nxf6 Rxh2+
37.Kxh2 Qf2+  1/2-1/2

[Event "AUT-chT"]
[Site "?"]
[Date "1989.??.??"]
[Round "?"]
[White "Eisterer, Heinrich"]
[Black "Hoelzl, Franz"]
[Result "1/2-1/2"]
[WhiteElo "2300"]
[BlackElo "2350"]

1.Nf3 d5 2.g3 Nc6 3.d4 Bg4 4.Bg2 Qd7 5.Nbd2 O-O-O 6.b3 Bh3 7.Bxh3 Qxh3 8.Bb2 f6
9.c4 e6 10.a3 g5 11.Qc2 g4 12.Nh4 Bh6 13.O-O-O Bg5 14.cxd5 exd5 15.Nf5 Nge7
16.Bc3 Qh5 17.Kb2 Qg6 18.Nxe7+ Nxe7 19.h4 Bxd2 20.Bxd2 Qxc2+ 21.Kxc2 Rhe8
22.Kd3 Nf5 23.Bf4 Re4 24.e3 Ng7 25.h5 Ne6 26.h6 Kd7 27.Rh5 c6 28.f3 gxf3
29.Rf1 Rg8 30.Rxf3 Nxf4+ 31.gxf4 Rg2 32.Rhh3 Re8 33.Rfg3 Rg8 34.Rxg8 Rxg8
35.e4 dxe4+ 36.Kxe4 Ke6 37.f5+ Kd6 38.Kf4 Rg1 39.Re3 Rf1+ 40.Kg4 Rg1+ 41.Kf4 Rf1+
42.Kg4 Rg1+  1/2-1/2

[Event "AUT-chT"]
[Site "?"]
[Date "1989.??.??"]
[Round "?"]
[White "Eisterer, Heinrich"]
[Black "Kwatschewsky, Leo"]
[Result "1-0"]
[WhiteElo "2300"]
[BlackElo "2355"]

1.Nf3 d5 2.g3 g6 3.Bg2 Bg7 4.O-O Nf6 5.b3 Ne4 6.c3 Nd7 7.Bb2 O-O 8.d3 Nd6
9.Qc2 Nf6 10.Nbd2 Bg4 11.c4 c6 12.Rac1 Bxf3 13.Bxf3 Rc8 14.b4 e6 15.Qb3 Nfe8
16.Rc2 Rc7 17.Rfc1 Rd7 18.Bxg7 Kxg7 19.Qb2+ Qf6 20.cxd5 Qxb2 21.Rxb2 exd5
22.Nb3 Re7 23.e3 a6 24.a4 Nc7 25.Bg2 Rb8 26.Nd4 Nce8 27.b5 axb5 28.axb5 cxb5
29.Bxd5 Rc7 30.Rcb1 Rc5 31.Bf3 Nc7 32.Ne2 Ra8 33.d4 Rf5 34.Bg4 Rf6 35.Nc3 Ra3
36.Rb3 b4 37.Rxa3 bxa3 38.Ra1 Ndb5 39.Nxb5 Nxb5 40.Bd7 Rb6 41.Bxb5 Rxb5 42.Rxa3 Rb2
43.Kg2 Kf6 44.g4 h6 45.h4 Rb5 46.f4 Ke6 47.g5 hxg5 48.hxg5 f6 49.gxf6 Kxf6
50.Kf3 g5 51.Rc3 gxf4 52.Kxf4 Ke6 53.Rc7 Kd6 54.Rh7 Rb1 55.Ke4 Rb3 56.Rh6+ Kd7
57.d5 b5 58.Kd4 Rb1 59.e4 b4 60.Rh7+ Kc8 61.Ke5 b3 62.Rh3 Kd7 63.Rc3 Rb2
64.d6 Rh2 65.Rc7+ Kd8 66.Rb7 b2 67.Ke6 Rh6+ 68.Kd5 Rh2 69.e5 Kc8 70.Rb3 Rd2+
71.Ke6  1-0

[Event "AUT-chT"]
[Site "?"]
[Date "1989.??.??"]
[Round "?"]
[White "Eisterer, Heinrich"]
[Black "Baumgartner, Heinz"]
[Result "1/2-1/2"]
[WhiteElo "2300"]
[BlackElo "2365"]

1.Nf3 d5 2.g3 Nf6 3.Bg2 e6 4.O-O Nbd7 5.b3 Be7 6.c4 c6 7.Bb2 b5 8.d3 O-O
9.Nbd2 bxc4 10.dxc4 Rb8 11.Qc2 c5 12.e3 Ba6 13.Rab1 Nb6 14.Rfc1  1/2-1/2

[Event "Bad Mergentheim op"]
[Site "Bad Mergentheim"]
[Date "1989.??.??"]
[Round "?"]
[White "Radulov, Ivan"]
[Black "Stromer, Alexander"]
[Result "1-0"]
[WhiteElo "2450"]
[BlackElo "2310"]

1.Nf3 d5 2.g3 c5 3.Bg2 Nc6 4.d4 e6 5.O-O cxd4 6.Nxd4 Bc5 7.Nb3 Bb6 8.c4 Nge7
9.cxd5 exd5 10.Nc3 Be6 11.Na4 d4 12.Nbc5 Qc8 13.e3 Bc4 14.Re1 dxe3 15.Bxe3 O-O
16.Nxb6 axb6 17.Nd7 Rd8 18.Qc1 Rxa2 19.Nxb6 Rxa1 20.Qxa1 Qe6 21.Bc5 Be2 22.Bf1 Rd2
23.Rxe2  1-0

[Event "Bad Orb op"]
[Site "Bad Orb"]
[Date "1989.??.??"]
[Round "?"]
[White "Eperjesi, Laszlo"]
[Black "Pirisi, Gabor"]
[Result "1/2-1/2"]
[WhiteElo "2375"]
[BlackElo "2390"]

1.Nf3 d5 2.g3 c5 3.Bg2 Nc6 4.d4 Nf6 5.O-O e6 6.b3 cxd4 7.Nxd4 Bc5 8.Bb2 O-O
9.e3 Bd7 10.Nd2 Qe7 11.c4 e5 12.Nxc6 Bxc6 13.cxd5 Bxd5 14.Bxd5 Nxd5 15.Ne4 Rfd8
16.Qh5 f6 17.Nxc5 Qxc5 18.Rac1 Qa5 19.e4  1/2-1/2

[Event "Bad Woerishofen op"]
[Site "Bad Woerishofen"]
[Date "1989.??.??"]
[Round "?"]
[White "Meduna, Eduard"]
[Black "Thesing, Matthias"]
[Result "1-0"]
[WhiteElo "2485"]
[BlackElo "2365"]

1.Nf3 d5 2.g3 Nf6 3.Bg2 e6 4.c4 dxc4 5.Na3 Bxa3 6.bxa3 Qd6 7.Bb2 Nbd7 8.Qa4 b5
9.Qa5 O-O 10.Nd4 Rb8 11.Qxa7 Rb6 12.Qa5 Nd5 13.Nxb5 Qc5 14.a4 Ra6 15.d4 Rxa5
16.dxc5 Rxa4 17.c6 Nb8 18.Nc3 Ra5 19.O-O-O Nb4 20.Rd4 Ba6 21.a4 N8xc6 22.Rd7 Rc8
23.Rhd1 Kf8 24.Ba3 Ke8 25.R7d2 Rb8 26.Rb2 Rb6 27.f4 f6 28.h4 Bc8 29.Nb5 c3
30.Bxc6+  1-0

[Event "Barcelona Vulca"]
[Site "Barcelona"]
[Date "1989.??.??"]
[Round "?"]
[White "Sanchez Guirado, Francisco"]
[Black "Gual Pascual, Antonio"]
[Result "1/2-1/2"]
[WhiteElo "2360"]
[BlackElo "2375"]

1.Nf3 d5 2.g3 c6 3.Bg2 Bg4 4.O-O Nd7 5.d3 e6 6.Qe1 Bd6 7.e4 Ne7 8.Nbd2 O-O
9.h3 Bh5 10.b3 a5 11.a4 c5 12.Bb2 Qb8 13.Nh4 Be5 14.Bxe5 Qxe5 15.exd5 Qxe1
16.Raxe1 Nxd5 17.Bxd5 exd5 18.Re7 Rad8 19.g4 Bg6 20.Rfe1 b6 21.f4 h6 22.Kf2 Bh7
23.Nhf3 Nf6 24.Rb7 Rb8 25.Ree7 d4 26.Rxf7 Rxb7 27.Rxb7 Nd5 28.Nc4 Rf7 29.Rxf7 Kxf7
30.Nfe5+ Ke8 31.f5 Kd8 32.Kf3 Kc7 33.Nf7 Nb4 34.Nfd6 Kd7 35.Ne4 Kc6 36.Ng3 Nxc2
37.Nh5 Nb4 38.Ke2 Nd5 39.Nxg7 b5 40.axb5+ Kxb5 41.h4 Kb4 42.g5 hxg5 43.hxg5 Kxb3
44.Nxa5+ Kc3 45.g6  1/2-1/2

[Event "Bayamo"]
[Site "Bayamo"]
[Date "1989.??.??"]
[Round "10"]
[White "Martin del Campo, Roberto"]
[Black "Sariego, Wilfredo"]
[Result "1/2-1/2"]
[WhiteElo "2455"]
[BlackElo "2350"]

1.Nf3 d5 2.g3 Nc6 3.Bg2 e5 4.d3 Nf6 5.O-O Be7 6.c3 a5 7.Nbd2 O-O 8.Qc2 Re8
9.e4 Bc5 10.h3 dxe4 11.dxe4 Nh5 12.Kh2 Be6  1/2-1/2

[Event "Belfort op"]
[Site "Belfort"]
[Date "1989.??.??"]
[Round "5"]
[White "Kraut, Rainer"]
[Black "Velikov, Petar"]
[Result "1/2-1/2"]
[WhiteElo "2395"]
[BlackElo "2465"]

1.Nf3 d5 2.g3 Nf6 3.Bg2 c6 4.O-O Bf5 5.c4 e6 6.cxd5 cxd5 7.Qb3 Qb6 8.Qxb6 axb6
9.Nc3 Nc6 10.d3 h6 11.a3 Nd7 12.Nb5 Ra5 13.Nfd4 Bg6 14.Bd2  1/2-1/2

[Event "GMA-qual"]
[Site "Belgorod"]
[Date "1989.??.??"]
[Round "?"]
[White "Yuferov, Sergey  N"]
[Black "Filipenko, Alexander V"]
[Result "1-0"]
[WhiteElo "2455"]
[BlackElo "2370"]

1.Nf3 d5 2.g3 c6 3.Bg2 Bf5 4.c4 e6 5.cxd5 exd5 6.O-O Nf6 7.d3 Bc5 8.Qc2 Na6
9.a3 O-O 10.b4 Bb6 11.Nc3 Re8 12.Bb2 c5 13.Na4 cxb4 14.Nxb6 Qxb6 15.Bd4 Qe6
16.Qb2 Qxe2 17.Bxf6 gxf6 18.Qxf6 Qe6 19.Qg5+ Bg6 20.Rfe1 Qf5 21.Qh4 b3 22.Rxe8+ Rxe8
23.Qa4 Re7 24.Qxb3 Qxd3 25.Qb2 Nc5 26.Rc1 b6 27.Ne5 Qb3 28.Qa1 h5 29.Nxg6 fxg6
30.Rc3 Qb5 31.Bxd5+ Kh7 32.Rf3 Qe8 33.Qf6 Nd7 34.Qd6 Ne5 35.Re3 Rd7 36.Qxe5  1-0

[Event "GMA-qual"]
[Site "Belgorod"]
[Date "1989.??.??"]
[Round "?"]
[White "Vepkhvishvili, Varlam"]
[Black "Reprintsev, Alexander"]
[Result "0-1"]
[WhiteElo "2210"]
[BlackElo "2310"]

1.Nf3 d5 2.g3 Nc6 3.Bg2 e5 4.O-O Nf6 5.d3 Be7 6.c3 O-O 7.Nbd2 h6 8.Qc2 a5
9.e4 a4 10.a3 Be6 11.Re1 dxe4 12.dxe4 Qd6 13.Nh4 Qc5 14.Nf5 Rfe8 15.Nf1 Nd4
16.Nxe7+ Rxe7 17.Qd3 Nb3 18.Be3 Qc6 19.Rad1 Rd7 20.Qe2 Rad8 21.Rxd7 Qxd7
22.f3 b5 23.g4 Qd3 24.Qf2 Ne8 25.Ng3 c6 26.Nf5 Bxf5 27.gxf5 Qd6 28.Bf1 Nd2
29.Be2 Nc4 30.Bc1 Qe7 31.Qg3 Kf8 32.Kh1 Qf6 33.Rg1 Nxb2 34.f4 exf4 35.Bxf4 Nc4
36.Bg4 g5 37.fxg6 Qxg6 38.Qe1 Ned6 39.Bf5 Qf6 40.e5 Qxf5 41.exd6 Qe6 42.Bxh6+ Ke8
43.Bf4 Kd7 44.Qxe6+ Kxe6 45.Re1+ Kf5 46.Rf1 Ke4 47.h4 Nxd6 48.h5 Nf5 49.Bc7 Rd5
50.Rf4+ Kd3 51.Rf3+ Kc4 52.Rh3 Rd3 53.Kg2 Rxh3 54.Kxh3 Nh6 55.Ba5 Ng8 56.Kg4 c5
57.Bb6 b4 58.cxb4 cxb4 59.axb4 a3 60.Bc7 f6  0-1

[Event "Belgrade op"]
[Site "Belgrade"]
[Date "1989.??.??"]
[Round "3"]
[White "Nikolic, Sava N"]
[Black "Zdravkovic, Dragan"]
[Result "0-1"]
[WhiteElo "2315"]
[BlackElo "2285"]

1.Nf3 d5 2.g3 c5 3.Bg2 Nc6 4.O-O e5 5.d3 Nf6 6.Nbd2 Bd6 7.e4 d4 8.c3 h6 9.Nc4 Bc7
10.cxd4 cxd4 11.Qb3 O-O 12.Bd2 Rb8 13.a4 Be6 14.Rfc1 a6 15.Qd1 a5 16.Qe1 Bxc4
17.Rxc4 Bd6 18.Nh4 Re8 19.f4 Nd7 20.Qe2 exf4 21.Nf5 f3 22.Bxf3 Nde5 23.Nxd6 Qxd6
24.Rcc1 Nb4 25.Bf4 Rbc8 26.Kg2 Rxc1 27.Rxc1 Nbxd3 28.Bxe5 Nxe5 29.Qb5 Qe7
30.Qxa5 Nxf3  0-1

[Event "Belgrade op"]
[Site "Belgrade"]
[Date "1989.??.??"]
[Round "6"]
[White "Nikolic, Sava N"]
[Black "Zecevic, Milan"]
[Result "1-0"]
[WhiteElo "2315"]
[BlackElo "2245"]

1.Nf3 d5 2.g3 Nf6 3.Bg2 Bf5 4.O-O e6 5.c4 c6 6.cxd5 exd5 7.d3 Be7 8.Nc3 d4
9.Nb1 O-O 10.Nbd2 Be6 11.Qc2 c5 12.b4 cxb4 13.Bb2 Nc6 14.Nb3 Rc8 15.Qd1 Bxb3
16.Qxb3 Bc5 17.Rac1 b6 18.Nd2 Re8 19.Ne4 Nxe4 20.dxe4 Na5 21.Qd3 Qd6 22.Rfd1 Rcd8
23.Qa6 Qe7 24.Rd3 Nc6 25.Rcd1 Rd6 26.f4 f6 27.Bf3 Red8 28.Kg2 Na5 29.h4 h6
30.h5 Kh8 31.e5 fxe5 32.fxe5 Qxe5 33.e3 Qf5 34.exd4 R6d7 35.g4 Qf6 36.dxc5 Qxb2+
37.Kh3 Rxd3 38.Rxd3 Qf6 39.Rxd8+ Qxd8 40.c6 Qc7 41.Qd3 Qf4 42.Be4 Nxc6 43.Bxc6 Qf6
44.Bd5 Qc3 45.Qxc3 bxc3 46.Bb3 b5 47.Kg3 a5 48.Kf4  1-0

[Event "Belgrade op"]
[Site "Belgrade"]
[Date "1989.??.??"]
[Round "7"]
[White "Strikovic, Aleksa"]
[Black "Raicevic, Vladimir"]
[Result "1/2-1/2"]
[WhiteElo "2470"]
[BlackElo "2450"]

1.Nf3 d5 2.g3 c6 3.Bg2 Nf6 4.O-O Bg4 5.d3 Bxf3 6.Bxf3 e6 7.e4 Be7 8.Bg2 dxe4
9.dxe4 Qxd1 10.Rxd1 Nbd7  1/2-1/2

[Event "Belgrade op"]
[Site "Belgrade"]
[Date "1989.??.??"]
[Round "8"]
[White "Peovic, Milos"]
[Black "Stevanovic, Vladan S"]
[Result "0-1"]
[WhiteElo "2210"]
[BlackElo "2305"]

1.Nf3 d5 2.g3 Nf6 3.b3 c5 4.Bb2 Nc6 5.Bg2 Qc7 6.O-O e5 7.d3 Be7 8.Nbd2 O-O
9.e3 Be6 10.c4 Rad8 11.Qe2 Rfe8 12.Ng5 Bg4 13.f3 Bc8 14.f4 d4 15.e4 Ng4 16.Ngf3 exf4
17.h3 Ne3 18.gxf4 Nxf1 19.Rxf1 Qxf4 20.Nxd4 Nxd4 21.Bxd4 Qd6 22.Be3 Qxd3
23.Qf2 Bf6 24.Kh1 Qd7 25.Qg3 Be5 26.Qg5 f6 27.Qh5 Qf7 28.Qe2 Be6 29.Bxc5 Qd7
30.Nf3 Bxh3 31.Bxa7 Bxg2+ 32.Qxg2 Qc6 33.Rg1 Rd7 34.Qg4 Qe6 35.Nxe5 fxe5
36.Qh5 Rd3 37.Rg4 Rd1+ 38.Bg1 Rd3 39.Bh2 Qf7 40.Qg5 Qf3+ 41.Rg2 Rd1+ 42.Bg1 g6  0-1

[Event "Lasker mem"]
[Site "Berlin"]
[Date "1989.??.??"]
[Round "1"]
[White "Fries Nielsen, Jens Ove"]
[Black "Abramovic, Bosko"]
[Result "0-1"]
[WhiteElo "2425"]
[BlackElo "2465"]

1.Nf3 d5 2.g3 c5 3.Bg2 Nc6 4.O-O e6 5.d3 Nf6 6.c4 Be7 7.Na3 O-O 8.Bg5 h6
9.Bd2 b6 10.Re1 Bb7 11.Qa4 Qd7 12.Rad1 Rfd8 13.cxd5 exd5 14.Qb3 d4 15.Nc4 Nd5
16.e4 dxe3 17.fxe3 Bf6 18.e4 Nd4 19.Nxd4 Bxd4+ 20.Kh1 Nf6 21.Rf1 Bc6 22.Qc2 Rac8
23.Bf4 Qe7 24.Rde1 Ne8 25.b3 Qe6 26.a4 Rd7 27.Rd1 Rcd8 28.Rfe1 Nf6 29.Rf1 Ng4
30.Qe2 Ne5 31.Bxe5 Bxe5 32.Bf3 Qe8 33.Ne3 g6 34.Nd5 Bg7 35.Qc2 Qe5 36.Rde1 h5
37.b4 Qd4 38.bxc5 Bxa4 39.Qb1 Qxc5 40.Qa2 Bb5 41.Be2 Qd4 42.Rf3 Kh7 43.Ref1 f5
44.Nf4 fxe4 45.dxe4 Bxe2 46.Qxe2 Qd6 47.Nd5 Qe5 48.Qc2 b5 49.Qc6 Rd6 50.Qb7 R8d7
51.Qa8 a5 52.Qxa5 Qxe4 53.Nc3 Bxc3 54.Qxc3 Rd3 55.Qf6 b4 56.Kg1 b3 57.Rxd3 Qxd3
58.Qe6 b2 59.Rf7+ Kh6  0-1

[Event "Lasker mem"]
[Site "Berlin"]
[Date "1989.??.??"]
[Round "11"]
[White "Fries Nielsen, Jens Ove"]
[Black "Brunner, Lucas"]
[Result "1/2-1/2"]
[WhiteElo "2425"]
[BlackElo "2505"]

1.Nf3 d5 2.g3 c6 3.Bg2 Nf6 4.O-O Bf5 5.b3 e6 6.Bb2 h6 7.c4 Be7 8.d3 O-O 9.Nc3 Nbd7
10.a3 a5 11.Rc1 Bh7 12.Bh3 Qb6 13.Na4 Qa7 14.Bd4 b6 15.cxd5 cxd5 16.Nc3 Rfc8
17.Nb5 Qb7 18.Rxc8+ Rxc8 19.Qb1 Ne8 20.Qb2 Bf8 21.Ne5 Nxe5 22.Bxe5 Qd7 23.a4 Bg6
24.Rc1 Rxc1+ 25.Qxc1 Nd6 26.Nxd6 Bxd6 27.Bd4 Qc7  1/2-1/2

[Event "Bern op"]
[Site "Bern"]
[Date "1989.??.??"]
[Round "?"]
[White "Schulze, Ulrich"]
[Black "Domont, Alexandre"]
[Result "1-0"]
[WhiteElo "2345"]
[BlackElo "2310"]

1.Nf3 d5 2.g3 Bg4 3.Bg2 Nd7 4.c4 c6 5.cxd5 cxd5 6.Nc3 e6 7.Qa4 Nf6 8.Ne5 Bf5
9.g4 Bc2 10.Nxf7 Kxf7 11.Qxc2 Nxg4 12.h3 Ngf6 13.d4 Bd6 14.O-O Qb6 15.e4 Qxd4
16.exd5 e5 17.Be3 Qc4 18.Rfc1 Rhe8 19.Qd1 Qb4 20.a3 Qa5 21.b4 Qd8 22.Nb5 Nb6
23.Nxd6+ Qxd6 24.Bc5 Qd7 25.d6 Kg8 26.Bxb6 axb6 27.Rc7 Qe6 28.Rxb7 Rad8 29.Rxb6 e4
30.Qd4 Nd5 31.Rb7 g6  1-0

[Event "Biel op"]
[Site "Biel"]
[Date "1989.??.??"]
[Round "2"]
[White "Dizdar, Goran"]
[Black "Gual Pascual, Antonio"]
[Result "1-0"]
[WhiteElo "2495"]
[BlackElo "2375"]

1.Nf3 d5 2.g3 Nf6 3.Bg2 g6 4.b3 Bg7 5.Bb2 O-O 6.O-O c6 7.c4 Bg4 8.d3 Nbd7
9.Nbd2 e6 10.Qc2 a5 11.a3 Qb8 12.Rac1 Rc8 13.Qb1 Bxf3 14.Nxf3 Ne8 15.Bxg7 Nxg7
16.Qb2 Qd6 17.Rfd1 e5 18.Bh3 Ne6 19.b4 axb4 20.axb4 Ra4 21.c5 Qe7 22.Ra1 Rxa1
23.Qxa1 d4 24.Qa7 Rc7 25.Qa8+ Ndf8 26.Bxe6 Qxe6 27.Ra1 Kg7 28.Qb8 Qe7 29.Ra8 f6
30.Nd2 Rd7 31.Nc4 Kg8 32.Nd6 Kg7 33.Qc8 Kg8 34.Ne8 Kf7 35.Kg2 f5 36.Nd6+ Kg7
37.Ne8+ Kh6 38.Nd6 Ne6 39.Qh8 Qg7 40.Qe8 Qe7 41.Qg8 Rxd6 42.cxd6 Qxd6 43.Re8 Nc7
44.Rd8 Qe7 45.Rf8 Qg7 46.Qxg7+ Kxg7 47.Rb8 Nd5 48.Rxb7+ Kf6 49.f3  1-0